Ďalšie vzdelávanie pedagogických pracovníkov z daňového hľadiska

Všeobecná daňová podpora vzdelávania na Slovensku. Stimuly podľa dane z príjmov. Stimuly podľa dane z pridanej hodnoty. Alternatívne rezervy. Ďalšie vzdelávanie pedagógov. Daňový pohľad k podpore vzdelávania.

Gespeichert in:
Bibliographische Detailangaben
1. Verfasser: Burák, Emil
Format: Buchkapitel
Sprache:Slowakisch
Schlagworte:
Tags: Tag hinzufügen
Keine Tags, Fügen Sie das erste Tag hinzu!

MARC

LEADER 00000naa$a2200000$$$4500
001 0075513
005 20231013072001.2
041 0 |a slo 
044 |a SK 
245 1 0 |a Ďalšie vzdelávanie pedagogických pracovníkov z daňového hľadiska  |c Emil Burák 
520 |a Všeobecná daňová podpora vzdelávania na Slovensku. Stimuly podľa dane z príjmov. Stimuly podľa dane z pridanej hodnoty. Alternatívne rezervy. Ďalšie vzdelávanie pedagógov. Daňový pohľad k podpore vzdelávania. 
610 2 0 |a učitelia 
610 2 0 |a vzdelávanie ďalšie 
610 2 0 |a podpory 
610 2 0 |a dane z príjmov 
610 2 0 |a dane z hodnoty pridanej 
610 2 0 |a stimulovanie 
100 1 |a Burák, Emil